The Buddha and His Teachings (Record no. 18253)
[ view plain ]
| 000 -LEADER | |
|---|---|
| fixed length control field | 00413nam a2200169 a 4500 |
| 020 ## - INTERNATIONAL STANDARD BOOK NUMBER | |
| ISBN | 9679920445 |
| 082 00 - DEWEY DECIMAL CLASSIFICATION NUMBER | |
| Classification number | 294.3 |
| Author Cutter | NAR |
| 100 ## - MAIN ENTRY--AUTHOR NAME | |
| Author name | Narada |
| 245 ## - TITLE STATEMENT | |
| Title | The Buddha and His Teachings |
| 260 ## - PUBLICATION, DISTRIBUTION, ETC. (IMPRINT) | |
| Place of publication | Kualalumpur, Malaysia |
| Name of publisher | Buddhist Missionary Society |
| Year of publication | 1988 |
| 300 ## - PHYSICAL DESCRIPTION | |
| Number of Pages | 738p |
| 500 ## - GENERAL NOTE | |
| General note | includes index and biblioraphy |
| 505 2# - FORMATTED CONTENTS NOTE | |
| Formatted contents note | Index |
| 650 ## - SUBJECT ADDED ENTRY--TOPICAL TERM | |
| Topical Term | Buddhism |
| 942 ## - ADDED ENTRY ELEMENTS (KOHA) | |
| Koha item type | Books |
| 700 1# - | |
| -- | Narada |
| Collection code | Home library | Current library | Date acquired | Cost, normal purchase price | Full call number | Accession Number | Koha item type | Shelving location | Source of acquisition |
|---|---|---|---|---|---|---|---|---|---|
| Henry Martyn Institute Library | Henry Martyn Institute Library | 01/01/2005 | 300.00 | 294.3 NAR | 11002735 | Books | |||
| Henry Martyn Institute Library | Henry Martyn Institute Library | 05/11/2018 | 300.00 | 294.3 NAR | 11003666 | Books | General stacks | Director |
